000 00745nam a2200229Ii 4500
003 JO-AjNU
008 230605s9999||||xx |||||||||||||| ||und||
017 _a1993/8/933
020 _a9957-16-116-4
040 _aJO-AjNU
_bara
_erda
_cJO-AjNU
041 _aara
050 1 4 _aKMM89.75.Z83.2006
100 3 _a الزعبي ، محمد يوسف ,
_eauthor
_912722
245 0 0 _aالعقود المسماة : شرح عقد البيع في القانون المدني
250 _aط1
264 3 1 _aعمان : دار الثقافة ، 2006
300 _a575ص
336 _atext
_btxt
_2rdacontent
337 _aunmediated
_bn
_2rdamedia
338 _avolume
_bnc
_2rdacarrier
650 4 _aقانون البيع -- قانون مدني
_912723
999 _aA2978
_c6546
_d6546